Género, clase y raza en América Latina: algunas aportaciones /
Gespeichert in:
| 1. Verfasser: | |
|---|---|
| Format: | Unbekannt |
| Veröffentlicht: |
Barcelona:
Universitat de Barcelona
|
| Schlagworte: | |
| Tags: |
Tag hinzufügen
Keine Tags, Fügen Sie den ersten Tag hinzu!
|
MARC
| LEADER | 00000 a2200000 04500 | ||
|---|---|---|---|
| 001 | 18593 | ||
| 003 | |||
| 008 | 991231s d | ||
| 040 | |||
| 090 | |a 143702 | ||
| 100 | |a Luna, Lola G. | ||
| 245 | |a Género, clase y raza en América Latina: algunas aportaciones / |c Lola G. Luna | ||
| 260 | |a Barcelona: |b Universitat de Barcelona | ||
| 300 | |a 204 p. | ||
| 650 | |a FAMILIA | ||
| 650 | |a VIOLENCIA | ||
| 650 | |a SOCIALIZACION | ||
| 650 | |a RELACIONES HUMANAS | ||
| 999 | |c 16118 |d 16118 | ||
